[Event "Niedersachsen-ch op-B"]
[Site "Verden an der Aller"]
[Date "2020.01.03"]
[Round "4"]
[White "Sturm, Hubert"]
[Black "Brunner, Alexander1"]
[Result "1-0"]
[WhiteElo "1716"]
[BlackElo "1648"]
[PlyCount "29"]
[EventDate "2020.01.02"]
[EventType "swiss"]
[EventRounds "7"]
[EventCountry "GER"]
[SourceTitle "EXT 2023"]
[Source "ChessBase"]
[SourceDate "2022.10.05"]
[SourceVersion "1"]
[SourceVersionDate "2022.10.05"]
[SourceQuality "1"]

1. e4 d5 2. exd5 Qxd5 3. Nc3 Qa5 4. Nf3 Nf6 5. Be2 Bg4 6. 0-0 Nc6 7. d3 0-0-0 8. Ng5 Ne5 9. Bxg4+ Nfxg4 10. Nxf7 Nxf7 11. Qxg4+ Kb8 12. Re1 e5 13. Re4 Bc5 14. b4 Bxf2+ 15. Kxf2 1-0

[Event "Niedersachsen-ch op B"]
[Site "Verden"]
[Date "2019.01.03"]
[Round "2"]
[White "Jungmann, Oleg"]
[Black "Sturm, Hubert"]
[Result "0-1"]
[WhiteElo "1415"]
[BlackElo "1643"]
[PlyCount "92"]
[EventDate "2019.01.03"]
[EventType "swiss"]
[EventRounds "7"]
[EventCountry "GER"]
[SourceTitle "EXT 2022"]
[Source "ChessBase"]
[SourceDate "2021.10.06"]
[SourceVersion "1"]
[SourceVersionDate "2021.10.06"]
[SourceQuality "1"]

1. c4 c5 2. g3 g6 3. Bg2 Bg7 4. Nc3 Nf6 5. Nf3 0-0 6. 0-0 Nc6 7. Re1 d6 8. e3 a6 9. d4 Nd7 10. Ne2 Qc7 11. b3 b6 12. Bb2 Bb7 13. Qc2 e6 14. Nf4 Nf6 15. Rad1 Nb4 16. Qe2 Be4 17. Nd2 Bxg2 18. Kxg2 Nxa2 19. d5 e5 20. Nh3 Nb4 21. Ng5 Qd7 22. Nde4 Nxe4 23. Nxe4 h6 24. f4 f5 25. Nf2 e4 26. Ba3 a5 27. Bxb4 axb4 28. Rc1 Ra3 29. Rb1 Rfa8 30. g4 Ra2 31. Qd1 Bc3 32. Re2 Qg7 33. Kh1 Ra1 34. Kg2 Rxb1 35. Qxb1 Ra1 36. Qc2 Qa7 37. h4 Qf7 38. g5 hxg5 39. hxg5 Qh7 40. Nd1 Qh5 41. Kg3 Qf3+ 42. Kh2 Ra7 43. Rg2 Ra1 44. Re2 Qf1 45. Nf2 Qg1+ 46. Kh3 Ra7 0-1